La ganadería española / (Record no. 54917)

MARC details
000 -LEADER
campo de control de longitud fija 00516nam a2200157 i 4500
001 - NÚMERO DE CONTROL
campo de control 54917
003 - IDENTIFICADOR DE NÚMERO DE CONTROL
campo de control ES-MaACL
005 - FECHA Y HORA DE LA ÚLTIMA TRANSACCIÓN
campo de control 20230906163040.0
007 - CAMPO FIJO DE DESCRIPCIÓN FÍSICA--INFORMACIÓN GENERAL
campo de control de longitud fija t|
008 - DATOS DE LONGITUD FIJA--INFORMACIÓN GENERAL
campo de control de longitud fija 040128s1929 sp ||||1| spa d
245 03 - MENCIÓN DEL TÍTULO
Título La ganadería española /
Mención de responsabilidad, etc. Excma. Asociación General de Ganaderos.
260 ## - PUBLICACIÓN, DISTRIBUCIÓN, ETC.
Lugar de publicación, distribución, etc. Madrid :
Nombre del editor, distribuidor, etc. Asociación General de Ganaderos,
Fecha de publicación, distribución, etc. [1929] (
Fabricante Rivadeneyra)
300 ## - DESCRIPCIÓN FÍSICA
Extensión [56] h., [63] lám., [8] map. ;
Dimensiones 25 cm.
710 2# - ENTRADA AGREGADA--NOMBRE DE ENTIDAD CORPORATIVA
Nombre de entidad corporativa o nombre de jurisdicción como elemento de entrada Asociación General de Ganaderos (España)
9 (RLIN) 1713
852 ## - LOCALIZACIÓN
Ubicación ES-MaACL
Número de control de estantería B-526
Holdings
Estatus retirado Estado de pérdida Estado de daño No para préstamo Biblioteca de origen Biblioteca actual Ubicación en estantería Fecha de adquisición Fuente de adquisición Total de préstamos Signatura topográfica completa Código de barras Visto por última vez Precio de reemplazo Tipo de ítem Koha
        Biblioteca del Ateneo de Madrid Biblioteca del Ateneo de Madrid Sala Pardo Bazán 17/01/2008     B-526 1057710 23/02/2023 23/02/2023 Libro impreso